[Event "Niederbayernliga 0506"]
[Site "Germany"]
[Date "2006.??.??"]
[Round "6"]
[White "Demmer, Joachim"]
[Black "Afanasev, Sergej"]
[Result "0-1"]
[WhiteElo "1816"]
[BlackElo "1808"]
[PlyCount "122"]
[EventDate "2005.??.??"]
[EventType "team"]
[EventRounds "9"]
[EventCountry "GER"]
[SourceTitle "EXT 2008"]
[Source "ChessBase"]
[SourceDate "2007.11.25"]
[SourceVersion "1"]
[SourceVersionDate "2007.11.25"]
[SourceQuality "1"]
[WhiteTeam "Geiselhoering"]
[BlackTeam "Deggendorf II"]
[WhiteTeamCountry "GER"]
[BlackTeamCountry "GER"]

1. d4 f5 2. Nf3 Nf6 3. g3 e6 4. c4 b6 5. Bg2 Bb7 6. 0-0 Be7 7. Nc3 0-0 8. d5 exd5 9. cxd5 a6 10. Bf4 Nh5 11. Be5 d6 12. Bd4 Nd7 13. e3 Rc8 14. Re1 Qe8 15. b4 Qf7 16. Qb3 h6 17. Rac1 Nhf6 18. Bxf6 Nxf6 19. Nd4 Ne4 20. Ne6 Nxc3 21. Rxc3 Bf6 22. Rc2 Rfe8 23. Rec1 Re7 24. h4 g6 25. Qd3 Rd7 26. h5 gxh5 27. Qxf5 h4 28. gxh4 Kh8 29. Kf1 Bxh4 30. Qxf7 Rxf7 31. f4 Bd8 32. Nxd8 Rxd8 33. Rxc7 Rdd7 34. Rxd7 Rxd7 35. Ke2 Kg7 36. Kd3 Kf6 37. Kd4 Rg7 38. Bf3 Rh7 39. Bh5 Rg7 40. Bf3 Rh7 41. Rh1 Bc8 42. Rh5 Bd7 43. e4 Be8 44. Rf5+ Ke7 45. Bh5 Bd7 46. Bg6 Bxf5 47. Bxf5 Rg7 48. e5 h5 49. a4 h4 50. a5 bxa5 51. bxa5 Rg3 52. Bc8 Ra3 53. Bxa6 Rxa5 54. Bf1 h3 55. Ke3 Ra1 56. Bxh3 Ra3+ 57. Ke4 Rxh3 58. Kf5 Rh5+ 59. Ke4 Rh4 60. Kf5 Rh1 61. Ke4 Rd1 0-1